| 000 | 00589 a2200181 4500 | ||
|---|---|---|---|
| 005 | 20260423153322.0 | ||
| 008 | 260420b |||||||| |||| 00| 0 eng d | ||
| 020 | _a9789362547743 | ||
| 080 |
_a89M-94 _bERN/O |
||
| 100 | _a Ernaux,Annie | ||
| 245 | _aOru penkuttiyude orma(ഒരു പെൺകുട്ടിയുടെ ഓർമ്മ) | ||
| 260 |
_bD C books. _aKottayam. _c2024. |
||
| 300 | _a192p. | ||
| 500 | _aMalayalam Translation of French Title"Memoire de fille". | ||
| 653 | _aFrench Memoir-Malayalam Translation | ||
| 700 | _aSangeetha Sreenivasan;tr.by | ||
| 942 | _cBK | ||
| 999 |
_c115298 _d115297 |
||